00241nam a2200097Ia 4500008004100000100000900041245003300050260003600083942000700119999001700126190216s9999||||xx |||||||||||||| ||und|| aNull 0aHindi-Prathi Nithi Kahaniyam bThe Macmillian Co. Of India Ltd cBK c18164d18164